Catalog

Record Details

Catalog Search



Available copies

  • 2 of 2 copies available at LARL/NWRL Consortium.
  • 2 of 2 copies available at Lake Agassiz Regional Library. (Show preferred library)

Current holds

0 current holds with 2 total copies.

Show Only Available Copies
Location Call Number / Copy Notes Barcode Shelving Location Status Due Date
Bagley Public Library Y MUR (Text) 33500013498142 Main Available -
Mahnomen Public Library Y MUR (Text) 33500013498159 Main Available -

Record details

  • ISBN: 9780062899682
  • ISBN: 0062899686
  • Physical Description: 344 pages ; 22 cm
  • Edition: First edition.
  • Publisher: New York, NY : Balzer + Bray, an imprint of HarperCollins Publishers, [2021]

Content descriptions

Summary, etc.:
Faith is not a regular teenager. She has flying ... Read More
Subject: Herbert, Faith > Juvenile fiction.
Overweight teenagers > Juvenile fiction.
Teenage girls > Juvenile fiction.
High school students > Juvenile fiction.
Women superheroes > Juvenile fiction.
Superheroes > Juvenile fiction.
Lesbian teenagers > Juvenile fiction.
High school students.
Lesbian teenagers.
Superheroes.
Teenage girls.
Genre: Young adult fiction.
Fantasy fiction.
Fiction.
Juvenile works.
Young adult works.
Fantasy fiction.
Lesbian fiction.
Superhero fiction.
Novels.
Young adult fiction.
LDR 02357cam a2200577 i 4500
001375864
003LARL_NWRL_CONSORTIUM
00520211119153505.0
008210805t20212021nyu j 000 1 eng d
010 . ‡a 2021941522
040 . ‡aCNWPU ‡beng ‡erda ‡cCNWPU ‡dCLE ‡dJAS ‡dYDX ‡dBDX ‡dOCLCF ‡dZP7
019 . ‡a1236192857
020 . ‡a9780062899682 ‡q(hardcover)
020 . ‡a0062899686 ‡q(hardcover)
035 . ‡a(OCoLC)1275441926 ‡z(OCoLC)1236192857
1001 . ‡aMurphy, Julie, ‡d1985- ‡eauthor. ‡0(LARL_NWRL_CONSORTIUM)222027
24510. ‡aFaith : ‡bgreater heights / ‡cJulie Murphy.
24630. ‡aGreater heights
250 . ‡aFirst edition.
264 1. ‡aNew York, NY : ‡bBalzer + Bray, an imprint of HarperCollins Publishers, ‡c[2021]
264 4. ‡c©2021
300 . ‡a344 pages ; ‡c22 cm
336 . ‡atext ‡btxt ‡2rdacontent
337 . ‡aunmediated ‡bn ‡2rdamedia
338 . ‡avolume ‡bnc ‡2rdacarrier
4900 . ‡aFaith Herbert origin story ; ‡v2
520 . ‡aFaith is not a regular teenager. She has flying superpowers. She's hoping she can get through her senior year in a normal way, but strange things start happening. Meanwhile, she hears rumored sighting of her ex, who was thought to have died months ago.
60010. ‡aHerbert, Faith ‡vJuvenile fiction.
650 0. ‡aOverweight teenagers ‡vJuvenile fiction.
650 0. ‡aTeenage girls ‡vJuvenile fiction. ‡0(LARL_NWRL_CONSORTIUM)175447
650 0. ‡aHigh school students ‡vJuvenile fiction. ‡0(LARL_NWRL_CONSORTIUM)169591
650 0. ‡aWomen superheroes ‡vJuvenile fiction.
650 0. ‡aSuperheroes ‡vJuvenile fiction.
650 0. ‡aLesbian teenagers ‡vJuvenile fiction.
650 7. ‡aHigh school students. ‡2fast ‡0(LARL_NWRL_CONSORTIUM)22133
650 7. ‡aLesbian teenagers. ‡2fast ‡0(LARL_NWRL_CONSORTIUM)39177
650 7. ‡aSuperheroes. ‡2fast ‡0(LARL_NWRL_CONSORTIUM)177502
650 7. ‡aTeenage girls. ‡2fast ‡0(LARL_NWRL_CONSORTIUM)12799
655 0. ‡aYoung adult fiction.
655 7. ‡aFantasy fiction. ‡2fast
655 7. ‡aFiction. ‡2fast
655 7. ‡aJuvenile works. ‡2fast
655 7. ‡aYoung adult works. ‡2fast
655 7. ‡aFantasy fiction. ‡2lcgft
655 7. ‡aLesbian fiction. ‡2lcgft
655 7. ‡aSuperhero fiction. ‡2lcgft
655 7. ‡aNovels. ‡2lcgft
655 7. ‡aYoung adult fiction. ‡2lcsh
901 . ‡a375864 ‡bOCoLC ‡c375864 ‡tbiblio ‡soclc

Additional Resources